| 000 | 00773nas a2200253 4500 | ||
|---|---|---|---|
| 001 | BR0801283 | ||
| 003 | BR-BrBNA | ||
| 005 | 20231205111639.0 | ||
| 007 | ta | ||
| 008 | 230509b bl.|||p| |||| 00| 00por d | ||
| 040 |
_aBR-BrBNA _bpor _cBiblioteca Nacional de Agricultura |
||
| 041 | _a(Pt) | ||
| 072 | _aL40 | ||
| 100 | 1 | _aMonteiro, D.P. | |
| 100 | 1 | _aSantos, S.B. dos | |
| 245 | 1 | _aConquiliomorfologia de Tamayoa (Tamayoa)banghaasi (Thiele)(Gastropoda, Systrophidae) | |
| 650 | _aCONCHA | ||
| 650 | _aMOLUSCO | ||
| 650 | _aANATOMIA ANIMAL | ||
| 650 | _aMORFOLOGIA ANIMAL | ||
| 773 | 0 |
_tRevista Brasileira de Zoologia (Brazil) _xISSN 0101-8175 _g(Dec 2001), v. 18(4) p. 1049-1055 _wBR0801283 |
|
| 909 |
_a202311 _bLúcia _c55 _dLúcia Elande |
||
| 942 |
_2AGRIS _n0 _cANA |
||
| 999 |
_c193734 _d193734 |
||